Information space : a framework for learning in organizations, institutions and culture /

Orienting thoughts on information. The structuring of information. The sharing of information. Dynamic behaviour. Institutions. Culture as economizing. Case study - socialist transformations.

Na minha lista:
Detalhes bibliográficos
Formato: Livro
Idioma:English
Publicado em: London ; New York : Routledge, 1995.
Assuntos:
Tags: Adicionar Tag
Sem tags, seja o primeiro a adicionar uma tag!
Thư viện lưu trữ: Mạng thư viện Đại học Đà Nẵng
LEADER 01328cam a2200397 i 4500
001 000049194
003 8927
005 20030312085153.0
008 010323|1995 vm 000 eng
020 |a 041511490X 
040 |a IRC  |c IRC  |d IRC 
041 0 |a eng 
082 1 4 |a 303.4833  |b In-S 
245 0 0 |a Information space :  |b a framework for learning in organizations, institutions and culture /  |c edited by Max H. Boisot. 
260 |a London ; New York :  |b Routledge,  |c 1995. 
300 |a 550 p. ;  |c 24cm. 
520 3 |a Orienting thoughts on information. The structuring of information. The sharing of information. Dynamic behaviour. Institutions. Culture as economizing. Case study - socialist transformations. 
630 0 4 |a Social aspects. 
630 0 4 |a Information technology. 
630 0 4 |a Sociology. 
650 0 4 |a Information society. 
650 0 4 |a Learning. 
650 0 4 |a Information technology  |x Social aspects. 
650 0 4 |a Information services industry  |x Social aspects. 
650 0 4 |a Information services  |x Economic aspects. 
650 0 4 |a Knowledge, Sociology of. 
OWN |a DUT 
999 |a From the UDN01 
TYP |a Monograph 
TYP |a Printed language 
980 |a Mạng thư viện Đại học Đà Nẵng